[Event "20th HZ Open 2016"]
[Site "Vlissingen NED"]
[Date "2016.08.09"]
[Round "5.34"]
[White "Van der Zalm, Marnix"]
[Black "Amdouni, Zoubaier"]
[Result "1/2-1/2"]
[BlackTitle "FM"]
[WhiteElo "2075"]
[BlackElo "2306"]
[WhiteFideId "1004611"]
[BlackFideId "5500419"]
[EventDate "2016.08.06"]

1. d4 b5 2. Nf3 Bb7 3. Bg5 h6 4. Bh4 g5 5. Bg3 Bg7 6. e3 a6 7. c4 c5 8. cxb5
axb5 9. Bxb5 Nc6 10. O-O cxd4 11. exd4 Qb6 12. Nc3 Nxd4 13. Nxd4 Bxd4 14. Bxd7+
Kf8 15. Nb5 Bg7 16. Bc7 Qg6 17. Re1 Nf6 18. Nc3 Ne8 19. Qb3 Ba6 20. Nd5 Qd3 21.
Qb4 Qxd5 22. Qxe7+ Kg8 23. Bxe8 Bb7 24. f3 Bd4+ 25. Kh1 Qxf3 26. Re2 Bc5 27.
Bxf7+ Qxf7 28. Qxc5 Rh7 29. Bg3 Rg7 30. Rae1 Rf8 31. Rf2 Bxg2+ 32. Kxg2 Qb7+ 33.
Kg1 Rxf2 34. Qxf2 Rf7 35. Qd4 Qf3 36. Qe4 Qf6 37. Qe8+ Kh7 38. Qe4+ Kg8 39. b4
h5 40. Qe8+ Kh7 41. Qe2 g4 42. Be5 Qb6+ 43. Kh1 Qxb4 44. Qe4+ Qxe4+ 45. Rxe4 Rf2
46. a4 Ra2 47. Bc7 Kg6 48. a5 Kg5 49. Re5+ Kg6 50. Re6+ Kf5 51. Rh6 Kg5 52. Rd6
h4 53. Kg1 Kf5 54. a6 Ke4 55. Rf6 Kd3 56. Bb8 Ra1+ 57. Kg2 Ra2+ 1/2-1/2

[Event "20th HZ Open 2016"]
[Site "Vlissingen NED"]
[Date "2016.08.09"]
[Round "5.35"]
[White "Liu, Manli"]
[Black "Nagtegaal, Kees"]
[Result "1-0"]
[BlackTitle "FM"]
[WhiteElo "2062"]
[BlackElo "2306"]
[WhiteFideId "8608121"]
[BlackFideId "1012886"]
[EventDate "2016.08.06"]

1. e4 g6 2. d4 Bg7 3. Nc3 d6 4. Be3 a6 5. a4 Nc6 6. Bc4 e5 7. Nge2 Nf6 8. h3 O-O
9. O-O Bd7 10. f4 exd4 11. Nxd4 Re8 12. f5 Ne5 13. Ba2 c5 14. Nf3 gxf5 15. Nxe5
dxe5 16. exf5 Rc8 17. Nd5 Bc6 18. Nxf6+ Qxf6 19. Qh5 h6 20. Bf2 e4 21. Bh4 Qd4+
22. Kh1 Rc7 23. f6 Bf8 24. Bg3 Rd7 25. Rad1 e3 26. Rxd4 cxd4 27. Qg6+ 1-0

[Event "20th HZ Open 2016"]
[Site "Vlissingen NED"]
[Date "2016.08.09"]
[Round "5.36"]
[White "Goossens, Xavier"]
[Black "Lammens, Tim"]
[Result "0-1"]
[BlackTitle "FM"]
[WhiteElo "2058"]
[BlackElo "2305"]
[WhiteFideId "208680"]
[BlackFideId "1008803"]
[EventDate "2016.08.06"]

1. e4 e5 2. Nf3 Nc6 3. Bb5 g6 4. d4 exd4 5. Bg5 Be7 6. Bxe7 Qxe7 7. O-O Nf6 8.
Bxc6 dxc6 9. Qxd4 c5 10. Qe5 Be6 11. Nc3 c6 12. Rad1 O-O 13. Qd6 Rae8 14. h3 Kg7
15. Rfe1 Bc8 16. e5 Qxd6 17. Rxd6 Nd7 18. e6 Nf6 19. exf7 Rxe1+ 20. Nxe1 Kxf7
21. f3 g5 22. Rd2 c4 23. Ne4 Nxe4 24. fxe4 Re8 25. Nf3 h6 26. Rd6 Rxe4 27. Rxh6
Re2 28. Rh7+ Kf6 29. Rc7 Bf5 30. Rxb7 Rxc2 31. Nd4 Rc1+ 32. Kh2 Be4 33. Rxa7 Rb1
34. Ra3 Rxb2 35. Nf3 Bxf3 36. Rxf3+ Ke5 37. Kg3 Kd4 0-1

[Event "20th HZ Open 2016"]
[Site "Vlissingen NED"]
[Date "2016.08.09"]
[Round "5.37"]
[White "Hummel, Erik-Jan"]
[Black "Ijzermans, Cees"]
[Result "1-0"]
[WhiteTitle "FM"]
[WhiteElo "2294"]
[BlackElo "2081"]
[WhiteFideId "1009028"]
[BlackFideId "1027425"]
[EventDate "2016.08.06"]

1. d4 Nf6 2. c4 d6 3. Nc3 e5 4. Nf3 exd4 5. Nxd4 g6 6. e4 Bg7 7. Be2 O-O 8. O-O
Re8 9. f3 Nc6 10. Be3 Ne7 11. Qd2 a6 12. Rfd1 Kh8 13. Nb3 Be6 14. Nd5 Neg8 15.
Nf4 h6 16. Nxe6 Rxe6 17. Nc5 Qe8 18. Nxe6 fxe6 19. Bd4 e5 20. Be3 Kh7 21. c5 Bf8
22. Rac1 Rd8 23. Bc4 d5 24. exd5 Ne7 25. Qf2 Nexd5 26. Bxd5 Nxd5 27. Qh4 c6 28.
Qe4 Qf7 29. Bf2 Re8 30. Re1 Bg7 31. Bg3 Nf6 32. Qc4 Nd5 33. Re4 Qf5 34. Rce1 Qg5
35. f4 exf4 36. Rxe8 fxg3 37. Rf1 gxh2+ 38. Kh1 h5 39. Qe2 h4 40. Rf7 h3 41.
Kxh2 Kh6 42. g3 Bd4 43. Re4 1-0

[Event "20th HZ Open 2016"]
[Site "Vlissingen NED"]
[Date "2016.08.09"]
[Round "5.38"]
[White "Saravanan, V."]
[Black "Kalisvaart, Peter"]
[Result "1/2-1/2"]
[WhiteTitle "IM"]
[WhiteElo "2281"]
[BlackElo "2059"]
[WhiteFideId "5000580"]
[BlackFideId "1008820"]
[EventDate "2016.08.06"]

1. d4 d5 2. c4 Nc6 3. Nf3 Bg4 4. Nc3 e6 5. cxd5 exd5 6. Bf4 Bxf3 7. gxf3 Nf6 8.
Qd2 Bb4 9. O-O-O Qe7 10. Bh3 Rd8 11. Rhg1 Nh5 12. Be3 g6 13. Bh6 f6 14. Qc2 Kf7
15. e4 Bxc3 16. bxc3 Rhe8 17. Kb1 Na5 18. Bg4 Ng7 19. e5 Nc4 20. Qc1 Ne6 21. f4
f5 22. Be2 b5 23. Ka1 Rb8 24. h4 Qxh4 25. Rh1 Qe7 26. Qc2 Kg8 27. Rdg1 Qf7 28.
Rh3 1/2-1/2

[Event "20th HZ Open 2016"]
[Site "Vlissingen NED"]
[Date "2016.08.09"]
[Round "5.39"]
[White "Van de Wynkele, Eric"]
[Black "Kabos, Tobias"]
[Result "0-1"]
[BlackTitle "FM"]
[WhiteElo "2018"]
[BlackElo "2273"]
[WhiteFideId "205702"]
[BlackFideId "1010182"]
[EventDate "2016.08.06"]

1. e4 d6 2. g3 g6 3. Bg2 Bg7 4. c3 Nd7 5. d3 e6 6. Be3 b6 7. Ne2 Bb7 8. Qd2 h6
9. Na3 a6 10. Nc2 Ne7 11. O-O d5 12. f3 Ne5 13. Na3 dxe4 14. dxe4 Qxd2 15. Bxd2
O-O-O 16. Be3 Rd3 17. Kf2 Bxe4 18. Nc1 Bc6 19. Nxd3 Nxd3+ 20. Kg1 Nxb2 21. Rac1
Nf5 22. Bd2 Rd8 23. Rc2 Bf8 24. Nb1 Nc4 0-1

[Event "20th HZ Open 2016"]
[Site "Vlissingen NED"]
[Date "2016.08.09"]
[Round "5.40"]
[White "Woudsma, Martijn"]
[Black "Kalle, Erwin"]
[Result "1/2-1/2"]
[WhiteElo "2191"]
[BlackElo "1938"]
[WhiteFideId "1008889"]
[BlackFideId "1045504"]
[EventDate "2016.08.06"]

1. e4 e6 2. d4 d5 3. Bd3 dxe4 4. Bxe4 Nf6 5. Bf3 c5 6. Ne2 Nc6 7. Be3 cxd4 8.
Nxd4 Nxd4 9. Bxd4 Be7 10. O-O O-O 11. Nc3 Qc7 12. Qe2 Bd7 13. a4 Bc6 14. Nb5 Qa5
15. Bxc6 bxc6 16. Nc3 Rfd8 17. Rfd1 Rab8 18. Be5 Rxd1+ 19. Rxd1 Rxb2 20. Nd5 Rb7
21. Nxe7+ Rxe7 22. Bxf6 gxf6 23. Qg4+ Qg5 24. Qd4 Qd5 25. Qg4+ Qg5 26. Qc4 c5
27. h4 Qf5 28. Rd8+ Kg7 29. Qb3 Qf4 30. g3 Qc7 31. Qd3 Qa5 32. Kg2 Qxa4 33. Qd6
Qe4+ 34. Kh2 Qd4 35. Qxe7 Qxf2+ 36. Kh3 Qf1+ 1/2-1/2

[Event "20th HZ Open 2016"]
[Site "Vlissingen NED"]
[Date "2016.08.09"]
[Round "5.41"]
[White "Vedder, Richard"]
[Black "Ritsema, Ronald"]
[Result "1-0"]
[WhiteTitle "FM"]
[WhiteElo "2268"]
[BlackElo "2059"]
[WhiteFideId "1004166"]
[BlackFideId "1010409"]
[EventDate "2016.08.06"]

1. b3 e5 2. c4 d6 3. Bb2 Nf6 4. e3 g6 5. Ne2 Bg7 6. d4 Nbd7 7. g3 O-O 8. Bg2 Re8
9. O-O c6 10. Nbc3 Qa5 11. a3 Nf8 12. b4 Qc7 13. d5 cxd5 14. cxd5 Bd7 15. Rc1
Rec8 16. a4 Qb6 17. Ba3 Ne8 18. Qb3 f5 19. Rfd1 h5 20. h4 a6 21. a5 Qa7 22. Na4
Rxc1 23. Bxc1 Bxa4 24. Qxa4 Rc8 25. e4 b5 26. axb6 Qxb6 27. exf5 gxf5 28. Bh3
Rb8 29. Bxf5 Qxb4 30. Qxa6 Nc7 31. Qd3 Rb5 32. Qf3 Qa4 33. Nc3 e4 34. Nxe4 Nxd5
35. Rxd5 Rxd5 36. Nf6+ Bxf6 37. Qxd5+ Kg7 38. Qxd6 Qa1 39. Qc7+ Kg8 40. Kh2 Qa2
41. Be3 Qd5 42. Qc5 Qf3 43. Bh3 Bg7 44. Bg2 Qg4 45. Qd5+ 1-0

[Event "20th HZ Open 2016"]
[Site "Vlissingen NED"]
[Date "2016.08.09"]
[Round "5.42"]
[White "Nikhil, Magizhnan"]
[Black "Lanchava, Tea"]
[Result "0-1"]
[WhiteTitle "CM"]
[BlackTitle "IM"]
[WhiteElo "2042"]
[BlackElo "2259"]
[WhiteFideId "35075497"]
[BlackFideId "1005308"]
[EventDate "2016.08.06"]

1. e4 g6 2. d4 Bg7 3. Nf3 d6 4. h3 Nd7 5. Nc3 a6 6. a4 b6 7. Bc4 e6 8. O-O Bb7
9. d5 e5 10. Ne1 Nh6 11. f4 exf4 12. Bxf4 Ne5 13. Be2 f6 14. Bxe5 dxe5 15. Bg4
Nxg4 16. hxg4 Qd7 17. a5 O-O 18. Qf3 Bc8 19. axb6 cxb6 20. Qe3 Rb8 21. Na4 Qd6
22. Nc3 Rf7 23. Nd3 Qd7 24. Na4 Qc7 25. Qe2 Bd7 26. b3 f5 27. Nb4 Qd6 28. Nxa6
Ra8 29. c3 Bh6 30. Nb4 b5 31. Nb2 Rxa1 32. Rxa1 Qc5+ 33. Kh1 Qxc3 34. Nc6 Bf4
35. Ra8+ Kg7 36. Nd3 Bxc6 37. dxc6 Qxc6 38. Ra1 fxe4 39. Nf2 Qc3 40. Rb1 Qg3 41.
Kg1 Qh2+ 42. Kf1 Bg3 43. Ke1 Rxf2 44. Qxf2 Qg1+ 45. Kd2 Qxf2+ 46. Kc3 Qd4+ 47.
Kc2 b4 48. Rd1 Qc3+ 49. Kb1 Qxb3+ 50. Ka1 Bf2 51. Rd7+ Kh6 52. g5+ Kxg5 53. g4
Qa4+ 54. Kb2 Qxd7 55. Kb3 Qb5 56. Ka2 Qc4+ 57. Kb1 b3 58. Kb2 Bc5 59. Ka1 Qc1# 0-1

[Event "20th HZ Open 2016"]
[Site "Vlissingen NED"]
[Date "2016.08.09"]
[Round "5.43"]
[White "Michalczak, Thomas"]
[Black "Pijpers, Peter"]
[Result "1-0"]
[WhiteTitle "FM"]
[WhiteElo "2234"]
[BlackElo "2028"]
[WhiteFideId "4622634"]
[BlackFideId "1025953"]
[EventDate "2016.08.06"]

1. e4 Nf6 2. e5 Nd5 3. d4 d6 4. Nf3 Nc6 5. c4 Nb6 6. e6 fxe6 7. Be3 e5 8. d5 Nd4
9. Nxd4 exd4 10. Bxd4 Bf5 11. Bd3 Bxd3 12. Qxd3 Qd7 13. O-O O-O-O 14. Re1 Re8
15. Re6 c6 16. Bxb6 axb6 17. Nc3 Kb8 18. Qe3 b5 19. cxb5 cxd5 20. Re1 h5 21. b6
Qc6 22. Rd1 h4 23. h3 g5 24. Nxd5 Rh6 25. Re4 g4 26. Rc1 gxh3 27. Rxc6 bxc6 28.
Qa3 1-0

[Event "20th HZ Open 2016"]
[Site "Vlissingen NED"]
[Date "2016.08.09"]
[Round "5.44"]
[White "Vos, Tjark"]
[Black "Van Baar, Esper"]
[Result "1/2-1/2"]
[WhiteElo "2223"]
[BlackElo "2028"]
[WhiteFideId "1020870"]
[BlackFideId "1049321"]
[EventDate "2016.08.06"]

1. e4 c5 2. Nf3 a6 3. c3 d5 4. exd5 Qxd5 5. d4 e6 6. Be2 Nf6 7. O-O Be7 8. Ne5
O-O 9. Bf3 Qd8 10. dxc5 Bxc5 11. Bg5 Nbd7 12. Nxd7 Qxd7 13. Bxf6 Qxd1 14. Rxd1
gxf6 15. Nd2 Rb8 16. Ne4 Be7 17. Nd6 b6 18. Nxc8 Rfxc8 19. Rd7 Kf8 20. Bb7 Rd8
21. Rxd8+ Rxd8 22. Bxa6 Rd2 23. b4 Rc2 24. a4 Rxc3 25. a5 bxa5 26. bxa5 Ra3 27.
Rxa3 Bxa3 28. Bd3 h6 29. f3 Bc5+ 30. Kf1 Ke7 31. Ke2 Kd6 32. Bb5 f5 33. Kd3 Kd5
34. a6 Ba7 35. Kc3 f6 36. Bc4+ Kd6 37. Kb4 Bf2 38. Kc3 Ba7 39. Kd3 Bb6 40. Ke2
f4 41. Kd3 f5 42. h3 Ba7 43. Kc3 Bg1 44. Kb4 Ba7 45. Kb5 1/2-1/2

[Event "20th HZ Open 2016"]
[Site "Vlissingen NED"]
[Date "2016.08.09"]
[Round "5.45"]
[White "Janse, Alexander"]
[Black "Kartsev, Soel"]
[Result "1/2-1/2"]
[WhiteElo "2017"]
[BlackElo "2221"]
[WhiteFideId "36052175"]
[BlackFideId "4130561"]
[EventDate "2016.08.06"]

1. Nf3 g6 2. g3 Bg7 3. Bg2 e5 4. d3 Nc6 5. O-O Nge7 6. c4 d6 7. Nc3 h6 8. Rb1 a5
9. a3 O-O 10. b4 axb4 11. axb4 Nd4 12. Bd2 c6 13. Qc1 Kh7 14. e4 Bg4 15. Nxd4
exd4 16. Nd1 d5 17. f3 Be6 18. c5 Qd7 19. Ra1 Rxa1 20. Qxa1 dxe4 21. fxe4 f5 22.
Nf2 fxe4 23. Nxe4 Rxf1+ 24. Qxf1 Nd5 25. Nd6 Ne3 26. Qf4 Nxg2 27. Kxg2 Bd5+ 28.
Kg1 Qh3 29. Qf2 Qg4 30. Qf1 h5 31. Bf4 Qe6 32. Nxb7 h4 33. Nd6 hxg3 34. hxg3 Qg4
35. Ne8 g5 36. Bd6 Qh5 37. Nxg7 Qh1+ 38. Kf2 Qf3+ 39. Ke1 Qe3+ 40. Qe2 Qg1+ 41.
Qf1 Qe3+ 42. Qe2 Qg1+ 43. Qf1 Qe3+ 44. Qe2 1/2-1/2

[Event "20th HZ Open 2016"]
[Site "Vlissingen NED"]
[Date "2016.08.09"]
[Round "5.46"]
[White "Berghuis, Marten"]
[Black "Van den Berg, Bram"]
[Result "1/2-1/2"]
[WhiteElo "2007"]
[BlackElo "2205"]
[WhiteFideId "1040103"]
[BlackFideId "1008684"]
[EventDate "2016.08.06"]

1. e4 d5 2. exd5 Nf6 3. d4 Bg4 4. Be2 Bxe2 5. Qxe2 Qxd5 6. Nf3 Nc6 7. c4 Qf5 8.
O-O O-O-O 9. d5 Nb4 10. Nc3 e6 11. dxe6 Qxe6 12. Qxe6+ fxe6 13. Ng5 Re8 14. Bf4
Nd3 15. Bg3 Nh5 16. b3 Nxg3 17. hxg3 Be7 18. Nce4 h6 19. Nf3 Rd8 20. Rfd1 a6 21.
Kf1 Nb4 22. Rxd8+ Rxd8 23. Ke2 Nc6 24. Rd1 Rxd1 25. Kxd1 Nb4 26. a4 Nd3 27. Kc2
Nc5 28. Nfd2 Nd7 29. Nf3 Nc5 30. Nfd2 Nd7 31. Nf3 1/2-1/2

[Event "20th HZ Open 2016"]
[Site "Vlissingen NED"]
[Date "2016.08.09"]
[Round "5.47"]
[White "Van den Berg, Ad"]
[Black "Arp, Frans"]
[Result "1-0"]
[WhiteElo "2203"]
[BlackElo "2021"]
[WhiteFideId "1001426"]
[BlackFideId "1005987"]
[EventDate "2016.08.06"]

1. Nf3 Nf6 2. c4 g6 3. g3 Bg7 4. Bg2 O-O 5. O-O d6 6. d4 Nbd7 7. Nc3 c5 8. e4
cxd4 9. Nxd4 Ne5 10. b3 Bd7 11. h3 Nc6 12. Nc2 Ne8 13. Bb2 Nc7 14. Rb1 Ne6 15.
Nd5 Bxb2 16. Rxb2 Ng7 17. Nce3 e5 18. Kh2 Nd4 19. f4 f5 20. Rbf2 Rb8 21. g4 fxg4
22. Nxg4 Qh4 23. fxe5 Bxg4 24. Rxf8+ Rxf8 25. Rxf8+ Kxf8 26. Qxd4 Ne6 27. Qxa7
dxe5 28. Qb8+ Nd8 29. Qxe5 Be6 30. Qf4+ Qxf4+ 31. Nxf4 Ke7 32. h4 1-0

[Event "20th HZ Open 2016"]
[Site "Vlissingen NED"]
[Date "2016.08.09"]
[Round "5.48"]
[White "De Boer, Eelke"]
[Black "Gogollok, Carsten"]
[Result "1-0"]
[WhiteElo "2183"]
[BlackElo "2006"]
[WhiteFideId "1048120"]
[BlackFideId "24621277"]
[EventDate "2016.08.06"]

1. e4 c5 2. Nf3 d6 3. d4 cxd4 4. Nxd4 Nf6 5. Nc3 g6 6. Be3 Bg7 7. f3 Nc6 8. Qd2
a6 9. O-O-O Nxd4 10. Bxd4 Be6 11. g4 b5 12. g5 Nh5 13. Bxg7 Nxg7 14. Qd4 O-O 15.
f4 Qc8 16. Kb1 Qc5 17. Nd5 Bxd5 18. Qxd5 Qxd5 19. Rxd5 Ne6 20. f5 Nxg5 21. Bd3
Nf3 22. a4 Ra7 23. c3 bxa4 24. Ra5 Rfa8 25. Kc2 Ne5 26. Be2 Nc6 27. Rxa4 a5 28.
Rha1 gxf5 29. exf5 e6 30. Bb5 Rc7 31. Bxc6 Rxc6 32. Rxa5 Rac8 33. fxe6 fxe6 34.
Rg5+ Kh8 35. Ra7 R6c7 36. Rxc7 Rxc7 37. b4 e5 38. Kd3 Rc6 39. c4 h6 40. Rg1 Ra6
41. Ke4 Ra4 42. Rb1 Kg7 43. Kd5 e4 44. Kxd6 e3 45. Kc5 e2 46. b5 Ra2 47. b6 Rd2
48. Re1 Rb2 49. Kc6 Kf7 50. b7 Rb4 51. Rxe2 Rxc4+ 52. Kb5 Rc1 53. Rb2 1-0

[Event "20th HZ Open 2016"]
[Site "Vlissingen NED"]
[Date "2016.08.09"]
[Round "5.49"]
[White "Nguyen, Kevin"]
[Black "De Kraker, Johnny"]
[Result "1-0"]
[WhiteElo "2169"]
[BlackElo "1994"]
[WhiteFideId "1046349"]
[BlackFideId "1028782"]
[EventDate "2016.08.06"]

1. e4 e6 2. d4 d5 3. Nd2 Nf6 4. Bd3 c5 5. c3 cxd4 6. cxd4 dxe4 7. Nxe4 Nxe4 8.
Bxe4 Bb4+ 9. Bd2 Bxd2+ 10. Qxd2 Nd7 11. Ne2 Nf6 12. Bf3 O-O 13. O-O Qb6 14. Rac1
Bd7 15. Rc3 Bc6 16. Bxc6 bxc6 17. Qc2 Rac8 18. Rc1 Rfd8 19. h3 g6 20. b3 Rd6 21.
a3 Qa6 22. b4 Rcd8 23. Rf3 Kg7 24. Re1 Qb6 25. Qc1 R8d7 26. Qg5 Qd8 27. Rc1 Nd5
28. Qe5+ f6 29. Qe4 f5 30. Qe5+ Qf6 31. Ng3 Ne7 32. Qxf6+ Kxf6 33. Ne4+ Kf7 34.
Nxd6+ Rxd6 35. Rd3 e5 36. Rdd1 e4 37. Rc5 Kf6 38. Kf1 Nd5 39. Rdc1 Ne7 40. R1c4
g5 41. Ra5 Rd7 42. Ra6 Ke6 43. Ke2 Kd5 44. Rc1 Rb7 45. Ra5+ Kd6 46. g4 fxg4 47.
hxg4 Nd5 48. Ra6 Nb6 49. Rh1 Kd5 50. Ra5+ Kxd4 51. Rc5 Nd5 52. Rd1+ Ke5 53. Rxc6
Rd7 54. Rc5 Ke6 55. Rh1 Ke5 56. f3 e3 57. Rd1 Ke6 58. Rcxd5 Rxd5 59. Rxd5 Kxd5
60. Kxe3 Kc4 61. Ke4 a6 62. Kf5 h6 63. Kg6 Kb3 64. Kxh6 Kxa3 65. Kxg5 Kxb4 66.
f4 a5 67. f5 1-0

[Event "20th HZ Open 2016"]
[Site "Vlissingen NED"]
[Date "2016.08.09"]
[Round "5.50"]
[White "Franssen, Jeroen"]
[Black "De Bock, Rien"]
[Result "1-0"]
[WhiteElo "2156"]
[BlackElo "1962"]
[WhiteFideId "1032410"]
[BlackFideId "1031511"]
[EventDate "2016.08.06"]

1. d4 Nf6 2. c4 c5 3. d5 b5 4. cxb5 a6 5. b6 g6 6. Nc3 Bg7 7. e4 d6 8. a4 Qxb6
9. Nf3 O-O 10. a5 Qc7 11. Be2 Nbd7 12. Nd2 Rb8 13. O-O Re8 14. Nc4 Bb7 15. f4
Rbd8 16. Bf3 Nf8 17. Kh1 e6 18. e5 Nxd5 19. Nxd6 Rxd6 20. exd6 Qxd6 21. Ne4 Qc7
22. Qc2 Bd4 23. Rd1 Be3 24. Bxe3 Nxe3 25. Nf6+ Kh8 26. Nxe8 1-0

[Event "20th HZ Open 2016"]
[Site "Vlissingen NED"]
[Date "2016.08.10"]
[Round "6.13"]
[White "Maris, Ivo"]
[Black "Wan, Yunguo"]
[Result "0-1"]
[WhiteTitle "FM"]
[BlackTitle "GM"]
[WhiteElo "2370"]
[BlackElo "2458"]
[WhiteFideId "1028146"]
[BlackFideId "8603189"]
[EventDate "2016.08.06"]

1. Nf3 d5 2. g3 Nf6 3. Bg2 g6 4. O-O Bg7 5. d4 O-O 6. b3 a5 7. c4 a4 8. Ba3 c6
9. Nbd2 Ne4 10. e3 Bf5 11. Nxe4 Bxe4 12. Bh3 axb3 13. axb3 c5 14. Ne5 dxc4 15.
bxc4 Bxe5 16. dxe5 b6 17. e6 Qxd1 18. exf7+ Kxf7 19. Rfxd1 Ra4 20. Bf1 Nc6 21.
Bb2 Rfa8 22. Be2 Rxa1 23. Rxa1 Rxa1+ 24. Bxa1 Bf5 25. Kf1 Be6 26. Ke1 Na5 27.
Be5 Bxc4 28. Bc7 Bxe2 29. Kxe2 Nc4 30. Kd3 b5 31. e4 Ke6 32. f4 Nd6 33. g4 Kd7
34. Bb6 Kc6 35. Bd8 e6 36. Bh4 b4 37. Be1 Kb5 38. e5 Nc8 39. Bd2 Ne7 40. Bc1 c4+
41. Kd4 Nc6+ 42. Ke4 b3 43. Bb2 Kb4 44. f5 gxf5+ 45. gxf5 exf5+ 46. Kd5 Nxe5 0-1

[Event "20th HZ Open 2016"]
[Site "Vlissingen NED"]
[Date "2016.08.10"]
[Round "6.14"]
[White "Rathnakaran, K."]
[Black "Van Foreest, Lucas"]
[Result "1/2-1/2"]
[WhiteTitle "IM"]
[WhiteElo "2452"]
[BlackElo "2393"]
[WhiteFideId "5005507"]
[BlackFideId "1039792"]
[EventDate "2016.08.06"]

1. e4 c5 2. Nf3 e6 3. d4 cxd4 4. Nxd4 Nc6 5. Nc3 Qc7 6. Be3 a6 7. Qf3 d6 8. Nxc6
Qxc6 9. g4 b5 10. a3 Bb7 11. g5 Ne7 12. O-O-O Ng6 13. Qg3 Ne5 14. Bf4 Qc7 15. h4
O-O-O 16. f3 Be7 17. Rh2 Ng6 18. Be3 d5 19. Qxc7+ Kxc7 20. exd5 Bxd5 21. Nxd5+
Rxd5 22. Rxd5 exd5 23. h5 Bd6 24. f4 Bxf4 25. Bxf4+ Nxf4 26. Rf2 Nxh5 27. Rxf7+
Kc6 28. Bd3 h6 29. g6 Rg8 30. Kd2 Nf6 31. Ke3 Nd7 32. Kd4 Kd6 33. a4 b4 34. Rf5
Nf6 35. Bxa6 Re8 36. Bd3 Ra8 37. b3 h5 38. Be2 h4 39. Bf3 h3 40. Rf4 Rh8 41. Bh1
h2 42. Rf1 Rh6 43. a5 Rxg6 44. a6 Rg4+ 45. Kd3 Kc7 46. Rf2 Rh4 47. Rg2 Rh7 48.
c4 bxc3 49. Kxc3 Kb6 50. Ra2 g5 51. a7 Rxa7 52. Rxh2 Rf7 53. Kd4 Ng4 54. Rh8 Rf1
55. Kxd5 Nf2 56. Rh6+ Kc7 57. Bf3 g4 58. Rh7+ Kb6 59. Rh6+ Ka5 60. Be2 Re1 61.
Bc4 g3 62. Rg6 Rd1+ 63. Ke5 Rg1 64. Kd4 Rd1+ 65. Ke3 Re1+ 66. Kd2 Re7 67. Kc3
Nd1+ 68. Kd4 Rd7+ 69. Kc5 Rc7+ 70. Kd6 Rc8 71. Rxg3 Kb4 72. Be6 Rd8+ 73. Kc6 Nf2
74. Rg7 Ne4 75. Kc7 Rd4 76. Rg4 Kc3 77. Bf7 Rd7+ 78. Kxd7 Nf6+ 79. Kd6 Nxg4 80.
Kc5 Nf2 1/2-1/2

[Event "20th HZ Open 2016"]
[Site "Vlissingen NED"]
[Date "2016.08.10"]
[Round "6.15"]
[White "Oleksiyenko, Mykhaylo"]
[Black "Vedder, Richard"]
[Result "1-0"]
[WhiteTitle "GM"]
[BlackTitle "FM"]
[WhiteElo "2610"]
[BlackElo "2268"]
[WhiteFideId "4152417"]
[BlackFideId "1004166"]
[EventDate "2016.08.06"]

1. d4 d5 2. Nf3 Bf5 3. c4 e6 4. Nc3 Nc6 5. Bg5 Be7 6. Bxe7 Ngxe7 7. e3 h6 8. Be2
O-O 9. O-O Nc8 10. a3 a6 11. c5 N6e7 12. b4 Ng6 13. a4 c6 14. b5 axb5 15. axb5
Rxa1 16. Qxa1 Qc7 17. Qa4 e5 18. dxe5 Nxe5 19. Nd4 Bd7 20. b6 Qb8 21. f4 Ng4 22.
Nxd5 Re8 23. Nc7 Nxe3 24. Ra1 Re4 25. Bf3 1-0

[Event "20th HZ Open 2016"]
[Site "Vlissingen NED"]
[Date "2016.08.10"]
[Round "6.16"]
[White "Lanchava, Tea"]
[Black "David, Alberto"]
[Result "0-1"]
[WhiteTitle "IM"]
[BlackTitle "GM"]
[WhiteElo "2259"]
[BlackElo "2561"]
[WhiteFideId "1005308"]
[BlackFideId "4000013"]
[EventDate "2016.08.06"]

1. g3 e5 2. c4 Nf6 3. Bg2 h6 4. Nc3 Bb4 5. e4 Nc6 6. Nge2 Bc5 7. Na4 d6 8. O-O
Be6 9. b3 Qd7 10. Bb2 Bg4 11. Kh1 Bxe2 12. Qxe2 Bd4 13. Nc3 h5 14. h3 O-O-O 15.
Rab1 Rh6 16. Bc1 g5 17. b4 Kb8 18. a4 Rg8 19. a5 h4 20. g4 Nd8 21. Nb5 Ne6 22.
d3 Nh7 23. Nxd4 Nxd4 24. Qb2 Nf8 25. Be3 Nfe6 26. b5 Rc8 27. Rfc1 Rhh8 28. Bf1
Rhd8 29. Be2 Qe7 30. Bd1 Qf6 31. Ra1 Nf4 32. Bxf4 Qxf4 33. Ra3 Ne6 34. Rca1 Nc5
35. Kg2 Rg8 36. R1a2 Rg6 37. Qe2 Qf6 38. Qd2 Qe7 39. Kg1 Ne6 40. Qb4 Nc5 41. Qd2
Rcg8 42. Kg2 Qf6 43. Qb4 Kc8 44. Re2 Kd7 45. Re1 b6 46. Qd2 Ne6 47. axb6 axb6
48. Ra7 Rb8 49. Be2 Nf4+ 50. Kh2 Nxh3 51. Qe3 Qxf2+ 52. Qxf2 Nxf2 53. Raa1 Rf6
54. Rf1 Rh8 55. Rg1 Rf4 56. Raf1 h3 57. Rg3 Rh4 58. Rfg1 Ke7 59. Ra1 Nxe4 60.
Re3 Rf2+ 61. Kh1 0-1

[Event "20th HZ Open 2016"]
[Site "Vlissingen NED"]
[Date "2016.08.10"]
[Round "6.17"]
[White "Debashis, Das"]
[Black "Praveen, Kumar C"]
[Result "1-0"]
[WhiteTitle "GM"]
[BlackTitle "IM"]
[WhiteElo "2459"]
[BlackElo "2242"]
[WhiteFideId "5024854"]
[BlackFideId "5007372"]
[EventDate "2016.08.06"]

1. d4 e6 2. c4 c5 3. d5 exd5 4. cxd5 d6 5. Nc3 Nf6 6. Nf3 g6 7. Nd2 Bg7 8. e4
O-O 9. Be2 a6 10. a4 Re8 11. O-O Nbd7 12. Ra3 Rb8 13. Kh1 h6 14. f4 Nh7 15. a5
Qc7 16. e5 dxe5 17. Nc4 e4 18. d6 Qd8 19. Nd5 Nhf6 20. Nc7 Rf8 21. f5 Ne8 22.
Rg3 g5 23. Nd5 Bd4 24. b4 f6 25. Nf4 Ng7 26. Ne6 Qe8 27. Nxf8 Qxf8 28. bxc5 Bxc5
29. Qd5+ Kh7 30. h4 b5 31. hxg5 fxg5 32. f6 Bb7 33. Qd2 Nxf6 34. Qc3 Ngh5 35.
Bxh5 Nxh5 36. Rxf8 Rxf8 37. Re3 Rf1+ 38. Kh2 bxc4 39. Qe5 Bxe3 40. Bxe3 Nf6 41.
Qe7+ Kg6 42. d7 1-0

[Event "20th HZ Open 2016"]
[Site "Vlissingen NED"]
[Date "2016.08.10"]
[Round "6.18"]
[White "Admiraal, Miguoel"]
[Black "Reinhardt, Bernd"]
[Result "1/2-1/2"]
[WhiteTitle "IM"]
[WhiteElo "2458"]
[BlackElo "2246"]
[WhiteFideId "1019716"]
[BlackFideId "4606043"]
[EventDate "2016.08.06"]

1. e4 g6 2. d4 Bg7 3. Nf3 d6 4. Bd3 Nd7 5. O-O e5 6. dxe5 Nxe5 7. Nxe5 dxe5 8.
Qe2 Be6 9. Rd1 Qc8 10. b3 Nf6 11. Ba3 Bf8 12. Bb2 Bd6 13. Nd2 O-O 14. Nc4 Bxc4
15. Bxc4 Nh5 16. Qf3 Qe8 17. Rd2 Qe7 18. Rad1 Nf4 19. g3 Nh3+ 20. Kg2 Ng5 21.
Qg4 Ne6 22. h4 h5 23. Qf3 Rad8 24. Qe3 a6 25. Qh6 Qf6 26. f4 b5 27. fxe5 Bxe5
28. Rxd8 Rxd8 29. Rxd8+ Nxd8 30. Bxe5 Qxe5 31. Qxg6+ Kf8 32. Qh6+ Ke7 33. Bd5
Qc3 34. Qg5+ Ke8 35. e5 Qxc2+ 36. Kh3 Qd1 37. Bg2 c5 38. Qe3 Qg4+ 39. Kh2 Ne6
40. Bh3 Qd4 41. Qe2 Ke7 42. Qxh5 Qf2+ 43. Bg2 c4 44. bxc4 bxc4 45. Qd1 Qd4 46.
Qf1 c3 47. Qf6+ Kf8 48. Qh8+ Ke7 1/2-1/2